000 00600nam a2200193Ia 4500
008 151121s9999||||xx |||||||||||||| ||und||
082 _a813/शिरव
082 _bHNW-116102
100 _aशिरवळकर सुहास
245 _aसॉलिड
260 _b"दिलीपराज प्रकाशन प्रा। लि।, पुणे।"
260 _c2014
300 _a168
600 _aशिरवळकर सुहास
630 _aसॉलिड
700 _aशिरवळकर सुहास
730 _aसॉलिड
942 _cBOOK
999 _c1264776
_d1264773